Návrh tlačiarne na tlač organických polovodičov s použitím komerčne dostupnej tlačovej hlavy
Saved in:
| Main Author: | |
|---|---|
| Other Authors: | |
| Format: | Manuscript Book |
| Language: | Slovak |
| Published: |
2018
|
| Subjects: | |
| Online Access: | http://is.stuba.sk/zp/portal_zp.pl?podrobnosti=131041 |
| Tags: |
No Tags, Be the first to tag this record!
|
MARC
| LEADER | 00000ntm a22000003a 4500 | ||
|---|---|---|---|
| 001 | stuzp64058 | ||
| 003 | SK-STU | ||
| 005 | 20181009094221.9 | ||
| 007 | ta | ||
| 008 | 150427s2015----xo-----f-mn---000-0-slo-d | ||
| 040 | |a STU |b slo | ||
| 041 | 0 | |a slo | |
| 044 | |a xo | ||
| 100 | 1 | |a Augustín, Jozef |u 033000 |4 aut |U FEI Fakulta elektrotechniky a informatiky |T FEI Ústav elektroniky a fotoniky |X 53297 |U E030 |Y 549 |7 53297 | |
| 242 | 0 | 1 | |a Design of organic semiconductor printer with available printer's ink head |y eng |
| 245 | 1 | 0 | |a Návrh tlačiarne na tlač organických polovodičov s použitím komerčne dostupnej tlačovej hlavy |
| 260 | |c 2018 | ||
| 300 | |a 50 s., príl. |b CD-ROM | ||
| 650 | 4 | |a ink-jet print |2 eng | |
| 650 | 4 | |a piezoelectric print head |2 eng | |
| 650 | 4 | |a organic semiconducotr |2 eng | |
| 650 | 4 | |a printer |2 eng | |
| 650 | 4 | |a atramentová tlač |2 slo | |
| 650 | 4 | |a piezoelektrická tlačová hlava |2 slo | |
| 650 | 4 | |a organické polovodiče |2 slo | |
| 650 | 4 | |a tlačiareň |2 slo | |
| 700 | 1 | |a Jagelka, Martin |u 033000 |k Z2 |4 ths |U FEI Fakulta elektrotechniky a informatiky |T FEI Ústav elektroniky a fotoniky |X 8041 |U E030 |Y 549 |7 A000008041 | |
| 856 | 4 | |u http://is.stuba.sk/zp/portal_zp.pl?podrobnosti=131041 | |
| 996 | |b 284EP11816 |c E*DIPL- 11816 |l EE33 |s P |a 0 |w stuzp64058_0001 | ||